Word Ladder: School Daze Quiz Stats

Quiz Updated Jan 5, 2015

Challenge
Share
Tweet
Embed
Score 0/20 Timer 03:00
2 Plays Today
Hint 4-Letter Word % Correct
Eject saliva from one's mouthSPIT
98.4%
✏ Graded assessment ✏✏ TEST ✏
98%
One who does not tell the truthLIAR
96.9%
Shut a door forcefullySLAM
96.9%
Allow someone to borrowLEND
96.1%
Place to sitSEAT
95.7%
Place for circus or campingTENT
95.5%
To care for (e.g. a garden)TEND
94.6%
Formal set of clothingSUIT
94.4%
Large celebration, follows 'Oktober'FEST
94.4%
Hint 4-Letter Word % Correct
Chemical element with symbol PbLEAD
94.2%
Petty quarrelSPAT
94%
Hemsworth of 'The Hunger Games' LIAM
93.1%
Titular Shakespearean king LEAR
92.4%
Thailand's previous nameSIAM
91.4%
Achievement requiring skill or strengthFEAT
91.1%
✏ Midterm or final ✏✏ EXAM ✏
90%
Drop out or discontinueQUIT
89.9%
✏ Brief assessment of knowledge ✏✏ QUIZ ✏
88.1%
Ancient kingdom, or retired NFL placekicker JasonELAM
83.6%

Today's Daily Dose

Word Ladder
'90s Movies

Quick Pick
'Fire' Movies

On This Day
June 19th II

You're not logged in!

Compare scores with friends on all Sporcle quizzes.
Join for Free
OR
Log In

You Might Also Like...

Show Comments

Extras

Top Quizzes Today


Score Distribution

Your Account Isn't Verified!

In order to create a playlist on Sporcle, you need to verify the email address you used during registration. Go to your Sporcle Settings to finish the process.

Report this User

Report this user for behavior that violates our Community Guidelines.

Details: